000 00524nam a2200181Ia 4500
005 20250508154822.0
008 008 250505s9999 xx 000 0 eng d
037 _aBooks to be hide in OPAC
040 _aFEDL
_beng
_cFEDL
041 _aeng
_2eng
084 _a370.157, TOR/O
_qFEDL
100 _aTorrance E Paul
245 0 _aTorrance tests of creative thinking
260 _aPrinceton, USA
_bPersonnel Press, Inc.
_c1966
300 _a32p.
942 _cHB
_h370.157, TOR/O
999 _c1352298
_d1352298